<?xml version="1.0" encoding="UTF-8"?><marc:collection xmlns:marc="http://www.loc.gov/MARC21/slim">
  <marc:record>
    <marc:leader>00000nam##2200000za#4500</marc:leader>
    <marc:controlfield tag="001">9.605244</marc:controlfield>
    <marc:controlfield tag="003">CaOODSP</marc:controlfield>
    <marc:controlfield tag="005">20240206145613</marc:controlfield>
    <marc:controlfield tag="007">cr |||||||||||</marc:controlfield>
    <marc:controlfield tag="008">150406|2008||||xxc|||||o    f|0| 0 fre|d</marc:controlfield>
    <marc:datafield tag="040" ind1=" " ind2=" ">
      <marc:subfield code="a">CaOODSP</marc:subfield>
      <marc:subfield code="b">fre</marc:subfield>
    </marc:datafield>
    <marc:datafield tag="043" ind1=" " ind2=" ">
      <marc:subfield code="a">n-cn---</marc:subfield>
    </marc:datafield>
    <marc:datafield tag="086" ind1="1" ind2=" ">
      <marc:subfield code="a">TU3-6/08-164F-PDF</marc:subfield>
    </marc:datafield>
    <marc:datafield tag="110" ind1="2" ind2=" ">
      <marc:subfield code="a">Bureau de la sécurité des transports du Canada.</marc:subfield>
    </marc:datafield>
    <marc:datafield tag="245" ind1="1" ind2="0">
      <marc:subfield code="a">Déraillement en voie principale - Chemin de fer Canadien Pacifique Train de marchandises no 356-196, Point milliaire 45,62 de la subdivision Taber, près de Burdett (Alberta), le 30 novembre 2008 </marc:subfield>
      <marc:subfield code="h">[ressource électronique]</marc:subfield>
    </marc:datafield>
    <marc:datafield tag="260" ind1=" " ind2=" ">
      <marc:subfield code="a">Ottawa - Ontario : </marc:subfield>
      <marc:subfield code="b">Bureau de la sécurité des transports du Canada </marc:subfield>
      <marc:subfield code="c">[2008].</marc:subfield>
    </marc:datafield>
    <marc:datafield tag="300" ind1=" " ind2=" ">
      <marc:subfield code="a">14p.</marc:subfield>
      <marc:subfield code="b">ill. en couleur, figures</marc:subfield>
    </marc:datafield>
    <marc:datafield tag="490" ind1="1" ind2=" ">
      <marc:subfield code="a">Rapport d'enquête sur un accident ferroviaire </marc:subfield>
      <marc:subfield code="v">R08C0164</marc:subfield>
    </marc:datafield>
    <marc:datafield tag="590" ind1=" " ind2=" ">
      <marc:subfield code="a">13-08-Supp</marc:subfield>
      <marc:subfield code="b">2013-04-02</marc:subfield>
    </marc:datafield>
    <marc:datafield tag="775" ind1="0" ind2="8">
      <marc:subfield code="t">Main-track train derailment - Canadian Pacific Railway Freight Train 356-196 Mile 45.62, Taber Subdivision Near Burdett, Alberta, 30 November 2008 </marc:subfield>
      <marc:subfield code="w">(CaOODSP)9.575832</marc:subfield>
    </marc:datafield>
    <marc:datafield tag="830" ind1="#" ind2="0">
      <marc:subfield code="a">Rapport d'enquête sur un accident ferroviaire ;</marc:subfield>
      <marc:subfield code="v">R08C0164</marc:subfield>
      <marc:subfield code="w">(CaOODSP)9.501252</marc:subfield>
    </marc:datafield>
    <marc:datafield tag="856" ind1="4" ind2="0">
      <marc:subfield code="a">http://publications.gc.ca</marc:subfield>
      <marc:subfield code="q">PDF</marc:subfield>
      <marc:subfield code="s">692 Ko</marc:subfield>
      <marc:subfield code="u">https://publications.gc.ca/collections/collection_2013/bst-tsb/TU3-6-08-164-fra.pdf</marc:subfield>
      <marc:subfield code="y">R08C0164</marc:subfield>
    </marc:datafield>
  </marc:record>
</marc:collection>
